000 00380nam a2200145Ia 4500
008 210716s1989 xx 000 0 und d
041 _aeng
082 _a005.135 BALE
100 _aBalagurusamy, E.
245 _aCobol programming: a self study text.
_bSelf study text.
250 _a1
260 _aNew Delhi
_bMacmillan India Ltd
_c1989
300 _axii,484
650 _aNone
999 _c181753
_d181753